Physics of magnetism.

Bibliographic Details
Main Author: Chikazumi, Sōshin, 1922-
Format: Book
Language:English
Japanese
Published: New York : Wiley, [1964]
Edition:English ed. prepared with the assistance of Stanley H. Charap.
Series:Wiley series on the science and technology of materials.
Subjects:

MARC

Tag First Indicator Second Indicator Subfields
LEADER 00000cam a2200000 4500
001 in00000051315
005 20151007065952.0
008 730115s1964 nyu b 00000 eng u
010 |a  64014985  
035 |a (OCoLC)00537029 
035 |9 AAE3065AM 
040 |c WSU  |d TXA  |d UtOrBLW 
041 1 |a eng  |a jpn 
049 |a TXAM  |c [408463] 
050 0 |a QC753  |b .C4313 
092 |a 538  |b C534p, 1964 
100 1 |a Chikazumi, Sōshin,  |d 1922- 
245 1 0 |a Physics of magnetism. 
250 |a English ed. prepared with the assistance of Stanley H. Charap. 
264 1 |a New York :  |b Wiley,  |c [1964] 
300 |a 554 pages 
336 |a text  |b txt  |2 rdacontent 
337 |a unmediated  |b n  |2 rdamedia 
338 |a volume  |b nc  |2 rdacarrier 
490 1 |a Wiley series on the science and technology of materials 
500 |a Substantial portions of this book were published in Japan in 1959 under title: Kyojiseitai no butsuri. (Romanized form.) 
504 |a Bibliography: pages 517-518. 
650 0 |a Magnetism. 
830 0 |a Wiley series on the science and technology of materials. 
999 |a MARS 
999 f f |s ea5500a9-595a-3972-bd86-3f08fe1a1ac6  |i f653f260-01dd-3d67-a08d-ad109c9f2ebe  |t 0 
952 f f |p normal  |a Texas A&M University  |b College Station  |c Sterling C. Evans Library  |d Evans: Library Stacks  |t 0  |e QC753 .C4313  |h Library of Congress classification  |i unmediated -- volume  |m A14800926033 
998 f f |a QC753 .C4313  |t 0  |l Evans: Library Stacks